| 000 | 00622nam a22002177a 4500 | ||
|---|---|---|---|
| 003 | Ost | ||
| 005 | 20240508145451.0 | ||
| 008 | 240417b |||||||| |||| 00| 0 eng d | ||
| 020 | _a9788174092304 | ||
| 040 | _cBT-PhCST | ||
| 050 | _a24819-24822 | ||
| 082 |
_222 _a363.728 _bGAR |
||
| 100 | _aGarg, Santosh. Kumar. | ||
| 245 |
_aSewage disposal and air pollution engineering : _benvironmental engineering / |
||
| 250 | _a42nd ed. | ||
| 260 |
_aNew Delhi : _bKhanna Publishers, _cc1979. |
||
| 300 |
_axx, 1066 p. ; _bill. ; _c24 cm. |
||
| 440 | _vv.2 | ||
| 500 | _aIncludes index and bibliography. | ||
| 942 |
_2ddc _cCIVIL |
||
| 999 |
_c9734 _d9734 |
||